[Event "Mecklenburg VP-ch U18"]
[Site "Malchow"]
[Date "2011.02.06"]
[Round "3.5"]
[White "Mueller, Florian"]
[Black "Wahrmann, Eric"]
[Result "0-1"]
[WhiteElo "791"]
[BlackElo "1550"]
[PlyCount "70"]
[EventDate "2011.02.05"]
[EventType "swiss"]
[EventRounds "7"]
[EventCountry "GER"]
[SourceTitle "EXT 2022"]
[Source "ChessBase"]
[SourceDate "2021.10.06"]
[SourceVersion "1"]
[SourceVersionDate "2021.10.06"]
[SourceQuality "1"]

1. e4 c5 2. Nc3 d6 3. d4 cxd4 4. Qxd4 Nc6 5. Bb5 Bd7 6. Bxc6 Bxc6 7. Nf3 e6 8. 0-0 Nf6 9. Bg5 Be7 10. Bxf6 Bxf6 11. Qd3 0-0 12. Rfe1 Qc7 13. Nb5 Bxb5 14. Qxb5 Qxc2 15. Rab1 Qc7 16. Rbc1 Qe7 17. e5 dxe5 18. Nxe5 Bxe5 19. Qxe5 Rac8 20. h3 h6 21. Rxc8 Rxc8 22. Qf4 Qc5 23. Re5 Qc2 24. Rb5 b6 25. Qe3 Qb1+ 26. Kh2 Qxa2 27. Rb3 Rc2 28. Rd3 Qxb2 29. Qe4 g6 30. Rd8+ Kg7 31. Rd7 Rxf2 32. Rxa7 Qe2 33. Qd4+ e5 34. Qa1 Rxg2+ 35. Kh1 Rh2+ 0-1

[Event "Hannover-ch op"]
[Site "Stadthagen"]
[Date "2009.10.03"]
[Round "2"]
[White "Mueller, Florian"]
[Black "Rabsch, Peter"]
[Result "1/2-1/2"]
[WhiteElo "1553"]
[BlackElo "1339"]
[PlyCount "53"]
[EventDate "2009.10.01"]
[EventType "swiss"]
[EventRounds "7"]
[EventCountry "GER"]
[SourceTitle "EXT 2021"]
[Source "ChessBase"]
[SourceDate "2020.10.23"]
[SourceVersion "1"]
[SourceVersionDate "2020.10.23"]
[SourceQuality "1"]

1. d4 Nf6 2. c4 g6 3. Nf3 Bg7 4. g3 0-0 5. Bg2 d6 6. 0-0 Nbd7 7. Nc3 a6 8. e4 e5 9. b3 Rb8 10. a4 b6 11. d5 Nc5 12. Qc2 Bd7 13. b4 Nb7 14. Ne1 Nh5 15. Nd3 f5 16. f4 Qe7 17. Bb2 fxe4 18. Nxe4 exf4 19. Nxf4 Nxf4 20. Rxf4 Rxf4 21. gxf4 Bf5 22. Bxg7 Qxg7 23. Qc3 Qxc3 24. Nxc3 Re8 25. Kf2 Bd3 26. Bf1 Bxf1 27. Rxf1 1/2-1/2

[Event "Hannover Region-ch"]
[Site "Hannover"]
[Date "2009.02.07"]
[Round "3"]
[White "Mueller, Florian"]
[Black "Zakidyshev, Gennadiy"]
[Result "1/2-1/2"]
[WhiteElo "1546"]
[BlackElo "1877"]
[PlyCount "53"]
[EventDate "2009.01.10"]
[EventType "swiss"]
[EventRounds "7"]
[EventCountry "GER"]
[SourceTitle "EXT 2021"]
[Source "ChessBase"]
[SourceDate "2020.10.23"]
[SourceVersion "1"]
[SourceVersionDate "2020.10.23"]
[SourceQuality "1"]

1. f4 Nf6 2. Nf3 g6 3. e3 Bg7 4. d4 0-0 5. Bd3 d6 6. 0-0 b6 7. c3 a5 8. e4 Ba6 9. Re1 Bxd3 10. Qxd3 c5 11. d5 Qc7 12. Na3 Na6 13. Nb5 Qb7 14. a4 Rfd8 15. Rb1 Nc7 16. Nxc7 Qxc7 17. b3 e6 18. c4 exd5 19. exd5 Re8 20. Bb2 Qd7 21. Bxf6 Bxf6 22. Kf2 Qg4 23. Re4 Rxe4 24. Qxe4 Kf8 25. Re1 Qd7 26. h3 h6 27. Re2 1/2-1/2

[Event "AUT-ch U16"]
[Site "Imst"]
[Date "2008.03.21"]
[Round "7"]
[White "Menezes, Christoph"]
[Black "Mueller, Florian"]
[Result "1-0"]
[WhiteElo "1776"]
[BlackElo "1508"]
[PlyCount "83"]
[EventDate "2008.03.17"]
[EventType "swiss"]
[EventRounds "7"]
[EventCountry "AUT"]
[SourceTitle "EXT 2009"]
[Source "ChessBase"]
[SourceDate "2008.11.26"]
[SourceVersion "1"]
[SourceVersionDate "2008.11.26"]
[SourceQuality "1"]

1. d4 d5 2. Nf3 Nc6 3. c4 e6 4. e3 Nf6 5. Nc3 b6 6. cxd5 Nxd5 7. Bb5 Bb7 8. 0-0 Be7 9. Ne5 Qd6 10. Ne4 Qb4 11. Bxc6+ Bxc6 12. Nxc6 Qb5 13. Nxe7 Nxe7 14. b3 0-0 15. Ba3 Rfe8 16. Bxe7 Rxe7 17. Qf3 Rd8 18. Rac1 e5 19. Nc3 Qa5 20. b4 Qa6 21. Nd5 Red7 22. Rxc7 Rxc7 23. Nxc7 Qxa2 24. dxe5 Qc4 25. Qb7 Qxb4 26. e6 Qd6 27. exf7+ Kxf7 28. Nb5+ Qd7 29. Qxa7 Qxa7 30. Nxa7 Rd7 31. Nb5 Rd5 32. Nd4 g5 33. Rb1 Rc5 34. h3 h5 35. Rxb6 g4 36. hxg4 hxg4 37. Rb5 Rxb5 38. Nxb5 Ke6 39. Kh2 Kf5 40. Kg3 Ke5 41. f4+ gxf3 42. gxf3 1-0

[Event "AUT-ch U16"]
[Site "Imst"]
[Date "2008.03.18"]
[Round "3"]
[White "Gerhold, Christoph"]
[Black "Mueller, Florian"]
[Result "1-0"]
[WhiteElo "1689"]
[BlackElo "1508"]
[PlyCount "27"]
[EventDate "2008.03.17"]
[EventType "swiss"]
[EventRounds "7"]
[EventCountry "AUT"]
[SourceTitle "EXT 2009"]
[Source "ChessBase"]
[SourceDate "2008.11.26"]
[SourceVersion "1"]
[SourceVersionDate "2008.11.26"]
[SourceQuality "1"]

1. c4 e5 2. Nc3 Nf6 3. g3 c6 4. d4 e4 5. d5 cxd5 6. Nxd5 Qa5+ 7. Bd2 Qc5 8. Nxf6+ gxf6 9. Bg2 Qxc4 10. Rc1 Qxa2 11. Rxc8+ Ke7 12. Bb4+ Ke6 13. Rxf8 Rxf8 14. Bh3+ 1-0